Statistics for Top 100 Girls' Names of 2022 - UK

Click here to take the quiz!

General Stats

  • This quiz has been taken 222 times
  • The average score is 53 of 100

Answer Stats

HintAnswer% Correct
3Olivia
92%
81Eliza
85%
5Ava
84%
61Anna
83%
33Charlotte
83%
18Ella
83%
11Emily
83%
19Hannah
83%
1Sophia
83%
94Elizabeth
82%
12Isabella
82%
48Emma
80%
2Lily
80%
14Grace
77%
6Amelia
74%
73Ellie
74%
13Mia
74%
43Chloe
73%
28Sophie
73%
57Bella
72%
10Ivy
72%
76Lucy
72%
50Eva
71%
4Isla
71%
91Jessica
71%
78Rose
71%
51Alice
70%
60Molly
70%
21Rosie
70%
26Zoe
70%
20Daisy
67%
25Poppy
65%
15Evie
64%
17Millie
64%
8Aria
63%
7Freya
63%
27Isabelle
63%
54Ruby
63%
34Evelyn
62%
66Violet
61%
23Willow
61%
71Maria
60%
98Lola
59%
22Elsie
57%
72Holly
57%
96Olive
57%
92Scarlett
57%
16Zara
57%
64Eleanor
56%
32Florence
56%
95Jasmine
56%
46Layla
56%
29Sienna
56%
24Luna
55%
38Harper
51%
69Maddison
51%
59Nora
51%
83Abigail
50%
82Iris
50%
56Leah
50%
9Maya
50%
74Penelope
50%
39Phoebe
50%
30Ada
48%
89Gracie
47%
49Erin
44%
100Harriet
43%
75Imogen
43%
41Mila
43%
86Nancy
42%
42Maisie
41%
90Esme
40%
52Aurora
39%
55Matilda
37%
35Emilia
36%
63Lottie
36%
97Lara
35%
80Bonnie
34%
37Fatima
33%
84Nova
33%
58Thea
33%
70Arabella
32%
87Orla
32%
53Aaliyah
30%
62Darcie
30%
88Gabriella
30%
99Mabel
30%
45Eliana
28%
44Hallie
24%
47Lyla
24%
85Aisha
23%
65Robyn
23%
36Maryam
21%
40Ayla
18%
67Maeve
17%
31Nur
15%
77Talia
15%
79Mirha
14%
93Amira
13%
68Anaya
5%

Score Distribution

Percentile by Number Answered

Percent of People with Each Score

Your Score History

You have not taken this quiz